Marco para la buena dirección: criterios para el desarrolo profesional y evaluación de desempeño

Salvato in:
Dettagli Bibliografici
Natura: Libro
Lingua:spagnolo
Pubblicazione: Santiago Ministerio de Educación 2005
Serie:Educación Nuestra Riqueza
Soggetti:
Tags: Aggiungi Tag
Nessun Tag, puoi essere il primo ad aggiungerne!!

MARC

LEADER 00000nam a2200000 a 4500
001 UCK8299
003 CL-VaPUC
008 060310e20050000CL |||||||||||||||||spa|d
020 |a 9562921069 
082 0 4 |a 371.11  |b MAR  |2 21 
245 1 0 |a Marco para la buena dirección: criterios para el desarrolo profesional y evaluación de desempeño 
300 |a 23 p 
942 |c BK 
945 |d 20060310 00:00:00  |a jtorresc 
260 |a Santiago  |b Ministerio de Educación  |c 2005 
650 0 |a Rol del docente  |9 329733 
650 0 |a Evaluación docente  |9 382859 
650 0 |a Métodos de enseñanza  |9 270413 
583 |a last modification  |c 20060310 00:00:00  |k Rodrigo Vera 
490 0 |a Educación Nuestra Riqueza 
999 |c 316012  |d 316010 
952 |0 0  |1 0  |4 0  |6 371_110000000000000_MAR_2005  |7 0  |8 A  |9 390042  |a BIBEDU  |b BIBEDU  |d 2019-11-22  |i 4206703  |o 371.11 MAR 2005  |p 4206703  |r 2019-11-22  |w 2019-11-22  |y BK  |k EBA